Európskou ústavou najviac získajú občania

Bibliographic Details
Main Author: Leinen, Jo (Author)
Format: Article
Language:Slovak
PhysicalDescription:Fotogr.
ISSN:1335-4671
Subjects:

MARC

LEADER 00000nab a2200000 a 4500
001 vtls001491466
003 SK-MaSNL
005 20260303075327.0
008 050131c20050114xo dr|n|||||||000 b|slo
015 |a SNBR2005/1  |2 snkbucl 
040 |a SNKBUCL  |b slo  |c SK  |e AACR2 
041 0 |a slo 
044 |a xo  |c SK 
080 |a 327.39  |x (4)  |2 UDC-MRF-SK2 
080 |a 342. 4  |x (4)  |2 UDC-MRF-SK2 
100 1 |a Leinen, Jo  |4 aut  |9 1079646 
245 1 0 |a Európskou ústavou najviac získajú občania  |c Jo Leinen 
300 |b Fotogr. 
650 0 7 |a euroústava  |2 snkbucl  |9 872806 
773 0 |t Národná obroda  |g Roč. XVI, č. 10 (14.1.2005), s. 4  |x 1335-4671 
852 |a SNK  |b KIS3GCP 
999 |c 1775331  |d 1777261